[Event "DEM U8 2025"]
[Site "Willingen GER"]
[Date "2025.06.14"]
[Round "7"]
[White "Richter, Felix"]
[Black "Keleti, Hugó"]
[Result "0-1"]
[Termination "normal"]
[Board "4"]
[WhiteElo "1201"]
[BlackElo "1379"]
[WhiteClock "00:44:12"]
[BlackClock "00:33:19"]
[PlyCount "168"]
[WhiteFideId "533043663"]
[BlackFideId "533043680"]
[EventCountry "GER"]
[EventRounds "7"]
[EventType "swiss"]
[EventDate "2025.06.10"]

1. e4 {[%clk 01:00:30]} {[%emt 00:15:22]} c6 {[%clk 01:00:24]} {[%emt
00:00:07]} 2. d4 {[%clk 01:00:40]} {[%emt 00:00:05]} d5 {[%clk 01:00:34]}
{[%emt 00:00:04]} 3. Nc3 {[%clk 01:00:39]} {[%emt 00:00:16]} dxe4 {[%clk
01:00:37]} {[%emt 00:00:13]} 4. Nxe4 {[%clk 01:00:47]} {[%emt 00:00:06]} Bf5
{[%clk 01:00:46]} {[%emt 00:00:06]} 5. Ng3 {[%clk 01:00:50]} {[%emt 00:00:12]}
Bg6 {[%clk 01:00:49]} {[%emt 00:00:12]} 6. Nf3 {[%clk 01:00:53]} {[%emt
00:00:13]} Nf6 {[%clk 01:00:58]} {[%emt 00:00:06]} 7. h4 {[%clk 01:00:58]}
{[%emt 00:00:09]} h6 {[%clk 01:01:05]} {[%emt 00:00:08]} 8. h5 {[%clk
01:01:09]} {[%emt 00:00:05]} Bh7 {[%clk 01:01:13]} {[%emt 00:00:06]} 9. Bd3
{[%clk 01:01:14]} {[%emt 00:00:10]} Bxd3 {[%clk 01:00:55]} {[%emt 00:00:33]}
10. Qxd3 {[%clk 01:00:50]} {[%emt 00:00:39]} e6 {[%clk 01:00:14]} {[%emt
00:00:56]} 11. Be3 {[%clk 01:00:51]} {[%emt 00:00:14]} Bd6 {[%clk 00:59:46]}
{[%emt 00:00:43]} 12. Ne5 {[%clk 01:00:45]} {[%emt 00:00:21]} Nbd7 {[%clk
00:59:02]} {[%emt 00:00:59]} 13. f4 {[%clk 01:00:23]} {[%emt 00:00:37]} Nd5
{[%clk 00:57:23]} {[%emt 00:01:54]} 14. O-O-O {[%clk 00:59:24]} {[%emt
00:01:15]} O-O {[%clk 00:56:33]} {[%emt 00:01:04]} 15. Ne2 {[%clk 00:59:20]}
{[%emt 00:00:20]} N7f6 {[%clk 00:55:42]} {[%emt 00:01:06]} 16. Rdg1 {[%clk
00:58:58]} {[%emt 00:00:36]} Bxe5 {[%clk 00:54:17]} {[%emt 00:01:40]} 17. dxe5
{[%emt 00:01:06]} Ng4 {[%clk 00:53:56]} {[%emt 00:00:34]} 18. Bc5 {[%emt
00:01:18]} Re8 {[%clk 00:52:13]} {[%emt 00:01:33]} 19. Qf3 {[%clk 00:56:18]}
{[%emt 00:01:27]} f5 {[%clk 00:49:22]} {[%emt 00:03:07]} 20. exf6 {[%clk
00:55:52]} {[%emt 00:00:41]} Ndxf6 {[%emt 00:00:35]} 21. Rd1 {[%clk 00:55:42]}
{[%emt 00:00:19]} Qa5 {[%clk 00:48:40]} {[%emt 00:00:44]} 22. Ba3 {[%clk
00:55:35]} {[%emt 00:00:22]} b5 {[%clk 00:47:49]} {[%emt 00:01:05]} 23. Nd4
{[%clk 00:53:18]} {[%emt 00:02:32]} Qb6 {[%clk 00:46:03]} {[%emt 00:02:02]} 24.
Rh4 {[%clk 00:52:57]} {[%emt 00:00:33]} b4 {[%clk 00:44:57]} {[%emt 00:01:24]}
25. Rxg4 {[%clk 00:52:55]} {[%emt 00:00:16]} bxa3 {[%clk 00:44:08]} {[%emt
00:01:05]} 26. Nb3 {[%emt 00:00:58]} axb2+ {[%clk 00:43:27]} {[%emt 00:00:54]}
27. Kxb2 {[%clk 00:52:05]} {[%emt 00:00:23]} Nxg4 {[%clk 00:43:34]} {[%emt
00:00:08]} 28. Qxg4 {[%clk 00:52:12]} {[%emt 00:00:08]} Rad8 {[%clk 00:43:33]}
{[%emt 00:00:18]} 29. Rxd8 {[%clk 00:51:03]} {[%emt 00:01:23]} Qxd8 {[%clk
00:43:41]} {[%emt 00:00:08]} 30. Qg6 {[%clk 00:50:51]} {[%emt 00:00:26]} Qf6+
{[%clk 00:43:41]} {[%emt 00:00:17]} 31. Qxf6 {[%clk 00:50:39]} {[%emt
00:00:25]} gxf6 {[%emt 00:00:07]} 32. g4 {[%clk 00:50:31]} {[%emt 00:00:21]} e5
{[%clk 00:43:56]} {[%emt 00:00:10]} 33. fxe5 {[%clk 00:50:24]} {[%emt
00:00:22]} fxe5 {[%clk 00:44:07]} {[%emt 00:00:04]} 34. Kc3 {[%clk 00:50:13]}
{[%emt 00:00:24]} e4 {[%clk 00:44:14]} {[%emt 00:00:10]} 35. Kd2 {[%clk
00:50:12]} {[%emt 00:00:17]} Kf7 {[%clk 00:44:16]} {[%emt 00:00:11]} 36. Ke3
{[%clk 00:50:14]} {[%emt 00:00:13]} Kf6 {[%clk 00:44:12]} {[%emt 00:00:18]} 37.
Nc5 {[%clk 00:50:23]} {[%emt 00:00:08]} Ke5 {[%clk 00:43:04]} {[%emt 00:01:21]}
38. Nd7+ {[%clk 00:50:09]} {[%emt 00:00:29]} Kd6 {[%clk 00:42:35]} {[%emt
00:01:17]} 39. Nf6 {[%clk 00:50:02]} {[%emt 00:00:40]} Re6 {[%clk 00:42:11]}
{[%emt 00:00:38]} 40. g5 {[%clk 00:49:19]} {[%emt 00:00:57]} hxg5 {[%clk
00:40:46]} {[%emt 00:01:40]} 41. Ng4 {[%clk 00:48:41]} {[%emt 00:00:54]} Re8
{[%clk 00:40:19]} {[%emt 00:00:42]} 42. Nf6 {[%clk 00:48:42]} {[%emt 00:00:15]}
Rh8 {[%clk 00:38:57]} {[%emt 00:01:37]} 43. Nxe4+ {[%clk 00:48:47]} {[%emt
00:00:10]} Ke5 {[%clk 00:38:44]} {[%emt 00:00:29]} 44. Nxg5 {[%clk 00:48:48]}
{[%emt 00:00:13]} Rxh5 {[%clk 00:38:42]} 45. Nf7+ {[%clk 00:48:46]} {[%emt
00:00:35]} Ke6 {[%clk 00:38:30]} 46. Nd8+ {[%clk 00:48:47]} {[%emt 00:00:39]}
Kd7 {[%clk 00:38:40]} 47. Nf7 {[%clk 00:48:47]} {[%emt 00:00:20]} Ra5 {[%clk
00:38:32]} {[%emt 00:00:25]} 48. c4 {[%clk 00:48:35]} {[%emt 00:00:27]} Rxa2
{[%clk 00:38:23]} {[%emt 00:00:24]} 49. Ne5+ {[%clk 00:48:29]} {[%emt
00:00:20]} Kc7 {[%clk 00:38:28]} {[%emt 00:00:11]} 50. Kd4 {[%clk 00:48:33]}
{[%emt 00:00:09]} Rh2 {[%clk 00:36:20]} {[%emt 00:02:25]} 51. Nf3 {[%clk
00:48:21]} {[%emt 00:00:25]} Rh8 {[%clk 00:36:20]} {[%emt 00:00:15]} 52. Ne5
{[%clk 00:48:15]} {[%emt 00:00:23]} Rd8+ {[%clk 00:36:12]} {[%emt 00:00:22]}
53. Kc5 {[%clk 00:48:15]} {[%emt 00:00:15]} Rc8 {[%clk 00:35:36]} {[%emt
00:00:52]} 54. Nd3 {[%clk 00:47:52]} {[%emt 00:00:36]} a5 {[%clk 00:34:28]}
{[%emt 00:01:24]} 55. Nb2 {[%clk 00:47:55]} {[%emt 00:00:13]} Kb7 {[%clk
00:33:42]} {[%emt 00:00:59]} 56. Na4 {[%clk 00:47:46]} {[%emt 00:00:26]} Ra8
{[%clk 00:32:06]} {[%emt 00:01:49]} 57. Kd4 {[%clk 00:47:42]} {[%emt 00:00:20]}
Kc7 {[%clk 00:31:58]} {[%emt 00:00:24]} 58. Kc5 {[%clk 00:47:41]} {[%emt
00:00:15]} Rb8 {[%clk 00:31:21]} {[%emt 00:00:53]} 59. Kd4 {[%clk 00:46:30]}
{[%emt 00:01:24]} Kd6 {[%clk 00:30:32]} {[%emt 00:01:06]} 60. Ke4 {[%clk
00:46:22]} {[%emt 00:00:25]} Rb4 {[%clk 00:30:21]} {[%emt 00:00:24]} 61. Nc3
{[%clk 00:45:08]} {[%emt 00:01:28]} Rxc4+ {[%clk 00:30:20]} {[%emt 00:00:49]}
62. Kd3 {[%clk 00:45:12]} {[%emt 00:00:07]} Rxc3+ {[%clk 00:30:15]} {[%emt
00:00:22]} 63. Kxc3 {[%clk 00:45:18]} {[%emt 00:00:09]} Kc5 {[%clk 00:30:24]}
{[%emt 00:00:05]} 64. Kc2 {[%clk 00:44:48]} {[%emt 00:00:48]} Kc4 {[%clk
00:30:35]} {[%emt 00:00:02]} 65. Kc1 {[%clk 00:44:13]} {[%emt 00:00:50]} Kb3
{[%clk 00:30:41]} {[%emt 00:00:11]} 66. Kb1 {[%clk 00:44:11]} {[%emt 00:00:14]}
c5 {[%clk 00:30:47]} {[%emt 00:00:09]} 67. Kc1 {[%clk 00:44:15]} {[%emt
00:00:12]} c4 {[%clk 00:30:57]} {[%emt 00:00:07]} 68. Kb1 {[%clk 00:44:24]}
{[%emt 00:00:03]} c3 {[%clk 00:31:05]} {[%emt 00:00:07]} 69. Kc1 {[%clk
00:44:34]} {[%emt 00:00:05]} c2 {[%clk 00:31:09]} {[%emt 00:00:13]} 70. Kd2
{[%clk 00:43:53]} {[%emt 00:00:54]} Kb2 {[%clk 00:31:17]} {[%emt 00:00:08]} 71.
Kd3 {[%clk 00:43:40]} {[%emt 00:00:27]} c1=Q {[%clk 00:31:27]} {[%emt
00:00:06]} 72. Kd4 {[%clk 00:43:44]} {[%emt 00:00:09]} Qc2 {[%clk 00:31:37]}
{[%emt 00:00:06]} 73. Kd5 {[%clk 00:43:53]} {[%emt 00:00:06]} Qc3 {[%clk
00:31:47]} {[%emt 00:00:07]} 74. Kd6 {[%clk 00:44:01]} {[%emt 00:00:04]} Qc4
{[%clk 00:31:52]} {[%emt 00:00:12]} 75. Kd7 {[%clk 00:44:08]} {[%emt 00:00:08]}
Qc5 {[%clk 00:32:02]} {[%emt 00:00:05]} 76. Kd8 {[%clk 00:44:13]} {[%emt
00:00:09]} Qa7 {[%clk 00:32:12]} {[%emt 00:00:06]} 77. Ke8 {[%clk 00:44:20]}
{[%emt 00:00:08]} Qc7 {[%clk 00:32:20]} {[%emt 00:00:06]} 78. Kf8 {[%clk
00:44:27]} {[%emt 00:00:07]} Qd7 {[%clk 00:32:31]} {[%emt 00:00:07]} 79. Kg8
{[%clk 00:44:35]} {[%emt 00:00:04]} Qe7 {[%clk 00:32:36]} {[%emt 00:00:11]} 80.
Kh8 {[%clk 00:44:43]} {[%emt 00:00:07]} Kc3 {[%clk 00:32:48]} {[%emt 00:00:02]}
81. Kg8 {[%clk 00:44:41]} {[%emt 00:00:17]} Kd4 {[%clk 00:32:59]} {[%emt
00:00:05]} 82. Kh8 {[%clk 00:44:48]} {[%emt 00:00:07]} Ke5 {[%clk 00:33:07]}
{[%emt 00:00:07]} 83. Kg8 {[%clk 00:44:45]} {[%emt 00:00:17]} Kf6 {[%clk
00:33:19]} {[%emt 00:00:05]} 84. Kh8 {[%clk 00:44:12]} {[%emt 00:00:46]} Qg7#
{[%emt 00:00:06]} 0-1

[Event "DEM U8 2025"]
[Site "Willingen GER"]
[Date "2025.06.14"]
[Round "7"]
[White "Qiu, Caspar"]
[Black "Öngün, Magnus"]
[Result "1-0"]
[Termination "normal"]
[Board "5"]
[WhiteElo "1289"]
[BlackElo "1165"]
[WhiteClock "00:24:47"]
[BlackClock "00:38:12"]
[PlyCount "65"]
[WhiteFideId "34697691"]
[BlackFideId "533004978"]
[EventCountry "GER"]
[EventRounds "7"]
[EventType "swiss"]
[EventDate "2025.06.10"]

1. d4 {[%clk 01:00:29]} {[%emt 00:00:01]} Nf6 {[%clk 01:00:12]} {[%emt
00:00:17]} 2. c4 {[%clk 01:00:43]} {[%emt 00:00:02]} c5 {[%clk 01:00:09]}
{[%emt 00:00:17]} 3. d5 {[%emt 00:00:08]} b5 {[%clk 01:00:02]} {[%emt
00:00:21]} 4. cxb5 {[%clk 01:01:00]} {[%emt 00:00:07]} a6 {[%clk 01:00:02]}
{[%emt 00:00:15]} 5. bxa6 {[%clk 01:00:30]} {[%emt 00:00:44]} Bxa6 {[%clk
00:59:51]} {[%emt 00:00:27]} 6. Nc3 {[%clk 01:00:34]} {[%emt 00:00:10]} g6
{[%clk 00:59:24]} {[%emt 00:00:42]} 7. Nf3 {[%clk 01:00:35]} {[%emt 00:00:15]}
Bg7 {[%clk 00:59:21]} {[%emt 00:00:18]} 8. Bf4 {[%clk 00:59:50]} {[%emt
00:00:59]} O-O {[%clk 00:59:20]} {[%emt 00:00:17]} 9. g3 {[%clk 00:59:09]}
{[%emt 00:00:55]} Nh5 {[%clk 00:59:15]} {[%emt 00:00:21]} 10. Bd2 {[%clk
00:57:28]} {[%emt 00:01:55]} d6 {[%clk 00:58:48]} {[%emt 00:00:43]} 11. Bg2
{[%clk 00:56:36]} {[%emt 00:01:07]} Nd7 {[%clk 00:58:38]} {[%emt 00:00:25]} 12.
O-O {[%clk 00:55:49]} {[%emt 00:01:01]} Ne5 {[%clk 00:58:06]} {[%emt 00:00:48]}
13. Re1 {[%clk 00:54:05]} {[%emt 00:01:58]} e6 {[%clk 00:57:23]} {[%emt
00:00:59]} 14. Nxe5 {[%clk 00:52:11]} {[%emt 00:02:10]} Bxe5 {[%clk 00:56:57]}
{[%emt 00:00:40]} 15. dxe6 {[%clk 00:51:41]} {[%emt 00:00:45]} Rb8 {[%clk
00:56:45]} {[%emt 00:00:26]} 16. exf7+ {[%clk 00:50:56]} {[%emt 00:01:00]} Rxf7
{[%clk 00:56:49]} {[%emt 00:00:12]} 17. Bd5 {[%clk 00:51:04]} {[%emt 00:00:06]}
Qf6 {[%clk 00:55:53]} {[%emt 00:01:10]} 18. Bxf7+ {[%clk 00:50:59]} {[%emt
00:00:22]} Qxf7 {[%clk 00:55:53]} {[%emt 00:00:14]} 19. Qc2 {[%clk 00:48:36]}
{[%emt 00:02:38]} Rf8 {[%clk 00:55:41]} {[%emt 00:00:27]} 20. f4 {[%clk
00:45:36]} {[%emt 00:03:15]} Bg7 {[%clk 00:54:47]} {[%emt 00:01:09]} 21. e3
{[%clk 00:40:44]} {[%emt 00:05:08]} d5 {[%clk 00:52:11]} {[%emt 00:02:51]} 22.
a3 {[%clk 00:38:32]} {[%emt 00:02:28]} d4 {[%clk 00:50:25]} {[%emt 00:02:00]}
23. Nd1 {[%clk 00:35:50]} {[%emt 00:02:55]} dxe3 {[%clk 00:48:26]} {[%emt
00:02:18]} 24. Nxe3 {[%clk 00:35:00]} {[%emt 00:01:03]} Bd4 {[%clk 00:47:49]}
{[%emt 00:00:52]} 25. Bc3 {[%clk 00:34:00]} {[%emt 00:01:15]} Bxe3+ {[%clk
00:46:39]} {[%emt 00:01:25]} 26. Rxe3 {[%clk 00:34:08]} {[%emt 00:00:07]} Bb7
{[%clk 00:46:21]} {[%emt 00:00:34]} 27. Rd1 {[%clk 00:32:46]} {[%emt 00:01:36]}
Bd5 {[%clk 00:45:37]} {[%emt 00:00:57]} 28. Be5 {[%clk 00:31:38]} {[%emt
00:01:23]} Ba8 {[%clk 00:44:47]} {[%emt 00:01:07]} 29. Rd6 {[%clk 00:28:22]}
{[%emt 00:03:31]} c4 {[%clk 00:43:52]} {[%emt 00:01:10]} 30. Qa4 {[%clk
00:26:04]} {[%emt 00:02:35]} Rc8 {[%clk 00:40:08]} {[%emt 00:03:58]} 31. Qd7
{[%clk 00:25:21]} {[%emt 00:00:56]} Qxd7 {[%clk 00:39:03]} {[%emt 00:01:19]}
32. Rxd7 {[%clk 00:25:29]} {[%emt 00:00:07]} Re8 {[%clk 00:38:12]} {[%emt
00:01:08]} 33. Rc3 {[%clk 00:24:47]} {[%emt 00:00:56]} 1-0

[Event "DEM U8 2025"]
[Site "Willingen GER"]
[Date "2025.06.14"]
[Round "7"]
[White "Siegel, Vitus"]
[Black "Gerhardt, Noah"]
[Result "1/2-1/2"]
[Termination "normal"]
[Board "6"]
[WhiteElo "1169"]
[BlackElo "1205"]
[WhiteClock "00:30:43"]
[BlackClock "00:25:47"]
[PlyCount "66"]
[WhiteFideId "34694102"]
[BlackFideId "34696083"]
[EventCountry "GER"]
[EventRounds "7"]
[EventType "swiss"]
[EventDate "2025.06.10"]

1. e4 {[%clk 01:00:25]} {[%emt 00:00:03]} e5 {[%clk 01:00:23]} {[%emt
00:00:09]} 2. Nf3 {[%clk 01:00:22]} {[%emt 00:00:16]} Nc6 {[%clk 01:00:32]}
{[%emt 00:00:08]} 3. Bc4 {[%clk 01:00:13]} {[%emt 00:00:24]} Bc5 {[%clk
01:00:41]} {[%emt 00:00:06]} 4. c3 {[%clk 01:00:10]} {[%emt 00:00:18]} Nf6
{[%clk 01:00:50]} {[%emt 00:00:06]} 5. d3 {[%clk 01:00:17]} {[%emt 00:00:09]}
d6 {[%clk 01:00:53]} {[%emt 00:00:11]} 6. O-O {[%clk 00:59:45]} {[%emt
00:00:46]} h6 {[%clk 01:00:32]} {[%emt 00:00:36]} 7. Re1 {[%clk 00:59:43]}
{[%emt 00:00:17]} O-O {[%clk 01:00:15]} {[%emt 00:00:32]} 8. h3 {[%clk
00:59:28]} {[%emt 00:00:31]} a6 {[%clk 00:58:38]} {[%emt 00:01:52]} 9. d4
{[%clk 00:58:04]} {[%emt 00:01:39]} exd4 {[%clk 00:57:22]} {[%emt 00:01:31]}
10. cxd4 {[%emt 00:01:04]} Ba7 {[%clk 00:56:15]} {[%emt 00:00:35]} 11. d5
{[%emt 00:03:23]} Ne7 {[%clk 00:55:18]} {[%emt 00:00:01]} 12. Nc3 {[%clk
00:55:46]} {[%emt 00:00:33]} Ng6 {[%clk 00:53:54]} {[%emt 00:01:39]} 13. Be3
{[%clk 00:53:45]} {[%emt 00:02:17]} Bxe3 {[%clk 00:52:19]} 14. Rxe3 {[%clk
00:53:19]} {[%emt 00:02:31]} Re8 {[%clk 00:50:39]} {[%emt 00:01:55]} 15. Qc2
{[%clk 00:52:14]} {[%emt 00:01:21]} Ne5 {[%clk 00:48:44]} {[%emt 00:02:09]} 16.
Nxe5 {[%emt 00:01:50]} dxe5 {[%clk 00:46:39]} {[%emt 00:01:10]} 17. Rd1 {[%clk
00:51:30]} {[%emt 00:00:34]} Qe7 {[%clk 00:43:49]} {[%emt 00:03:04]} 18. Re2
{[%clk 00:48:06]} {[%emt 00:03:40]} Bd7 {[%clk 00:41:43]} {[%emt 00:02:22]} 19.
Red2 {[%clk 00:45:15]} {[%emt 00:03:06]} Qd6 {[%clk 00:39:53]} {[%emt
00:02:04]} 20. Bb3 {[%clk 00:44:17]} {[%emt 00:01:13]} Rad8 {[%clk 00:37:32]}
{[%emt 00:02:36]} 21. Na4 {[%clk 00:43:04]} {[%emt 00:01:27]} Bxa4 {[%clk
00:36:34]} {[%emt 00:01:13]} 22. Bxa4 {[%clk 00:42:39]} {[%emt 00:00:41]} b5
{[%clk 00:35:58]} {[%emt 00:00:50]} 23. Bb3 {[%clk 00:42:28]} {[%emt 00:00:23]}
Rc8 {[%clk 00:34:59]} {[%emt 00:01:17]} 24. Qd3 {[%clk 00:41:43]} {[%emt
00:00:59]} c6 {[%clk 00:32:46]} {[%emt 00:02:28]} 25. dxc6 {[%clk 00:35:00]}
{[%emt 00:07:02]} Qxd3 {[%clk 00:32:50]} {[%emt 00:00:08]} 26. Rxd3 {[%clk
00:35:04]} {[%emt 00:00:11]} Rxc6 {[%clk 00:32:02]} {[%emt 00:01:05]} 27. Bd5
{[%clk 00:32:11]} {[%emt 00:03:07]} Nxd5 {[%clk 00:30:01]} {[%emt 00:02:15]}
28. exd5 {[%emt 00:00:54]} Rd6 {[%clk 00:29:24]} {[%emt 00:00:02]} 29. Kf1
{[%clk 00:31:33]} {[%emt 00:01:02]} Kf8 {[%clk 00:28:45]} {[%emt 00:00:55]} 30.
Ke2 {[%clk 00:31:32]} {[%emt 00:00:17]} Ke7 {[%clk 00:27:58]} {[%emt 00:01:01]}
31. Ke3 {[%clk 00:31:05]} {[%emt 00:00:41]} f5 {[%clk 00:27:09]} {[%emt
00:01:05]} 32. f4 {[%clk 00:30:42]} {[%emt 00:00:40]} e4 {[%clk 00:27:01]}
{[%emt 00:00:21]} 33. Rc3 {[%clk 00:30:43]} {[%emt 00:00:14]} Red8 {[%clk
00:25:47]} {[%emt 00:01:31]} 1/2-1/2

[Event "DEM U8 2025"]
[Site "Willingen GER"]
[Date "2025.06.14"]
[Round "7"]
[White "Storl, Jaro"]
[Black "Rohr, Leo Max"]
[Result "1-0"]
[Termination "normal"]
[Board "7"]
[WhiteElo "1281"]
[BlackElo "1160"]
[WhiteClock "00:06:37"]
[BlackClock "00:30:39"]
[PlyCount "51"]
[BlackFideId "533004340"]
[EventCountry "GER"]
[EventRounds "7"]
[EventType "swiss"]
[EventDate "2025.06.10"]

1. d4 {[%clk 01:00:24]} {[%emt 00:00:05]} d5 {[%clk 01:00:27]} {[%emt
00:00:04]} 2. c4 {[%clk 01:00:27]} {[%emt 00:00:12]} c6 {[%clk 01:00:22]}
{[%emt 00:00:20]} 3. Nc3 {[%clk 01:00:36]} {[%emt 00:00:05]} Nf6 {[%clk
01:00:24]} {[%emt 00:00:13]} 4. Nf3 {[%clk 01:00:25]} {[%emt 00:00:26]} dxc4
{[%clk 01:00:29]} {[%emt 00:00:10]} 5. Bg5 {[%clk 01:00:13]} {[%emt 00:00:28]}
h6 {[%clk 00:59:57]} {[%emt 00:00:47]} 6. Bf4 {[%clk 00:57:46]} {[%emt
00:02:43]} b5 {[%clk 00:58:14]} {[%emt 00:01:56]} 7. e3 {[%clk 00:53:11]}
{[%emt 00:04:51]} e6 {[%clk 00:56:34]} {[%emt 00:01:55]} 8. a3 {[%clk
00:52:27]} {[%emt 00:00:59]} Bb7 {[%clk 00:54:52]} {[%emt 00:01:57]} 9. Be2
{[%clk 00:52:18]} {[%emt 00:00:25]} Be7 {[%clk 00:54:03]} {[%emt 00:01:03]} 10.
O-O {[%clk 00:51:23]} {[%emt 00:01:11]} O-O {[%clk 00:53:57]} {[%emt 00:00:19]}
11. Qc2 {[%clk 00:45:30]} {[%emt 00:06:09]} Nbd7 {[%clk 00:52:13]} {[%emt
00:01:57]} 12. Rad1 {[%clk 00:45:23]} {[%emt 00:00:24]} Nb6 {[%clk 00:50:48]}
{[%emt 00:01:38]} 13. Ne4 {[%clk 00:38:49]} {[%emt 00:06:50]} Nxe4 {[%clk
00:44:14]} {[%emt 00:06:50]} 14. Qxe4 {[%clk 00:38:28]} {[%emt 00:00:36]} Nd5
{[%clk 00:42:56]} {[%emt 00:01:32]} 15. Bg3 {[%clk 00:35:12]} {[%emt 00:03:31]}
Nf6 {[%clk 00:42:03]} {[%emt 00:01:07]} 16. Qc2 {[%clk 00:30:36]} {[%emt
00:01:43]} Qb6 {[%clk 00:38:45]} {[%emt 00:06:42]} 17. b3 {[%clk 00:20:52]}
{[%emt 00:09:58]} cxb3 {[%clk 00:38:01]} {[%emt 00:01:01]} 18. Qxb3 {[%clk
00:20:53]} {[%emt 00:00:14]} Rfd8 {[%clk 00:37:50]} {[%emt 00:00:24]} 19. Ne5
{[%clk 00:15:35]} {[%emt 00:05:35]} Rac8 {[%clk 00:33:58]} {[%emt 00:04:06]}
20. Rb1 {[%clk 00:14:09]} {[%emt 00:01:41]} Ne4 {[%clk 00:33:49]} {[%emt
00:00:26]} 21. Qd3 {[%clk 00:08:51]} {[%emt 00:05:33]} Nf6 {[%clk 00:33:01]}
{[%emt 00:01:01]} 22. Nc4 {[%clk 00:07:47]} {[%emt 00:01:20]} bxc4 {[%clk
00:31:59]} {[%emt 00:01:16]} 23. Qxc4 {[%clk 00:06:42]} {[%emt 00:01:20]} Qa5
{[%clk 00:30:53]} {[%emt 00:01:22]} 24. Rxb7 {[%clk 00:06:24]} {[%emt
00:00:31]} Rc7 {[%clk 00:30:50]} {[%emt 00:00:21]} 25. Bxc7 {[%clk 00:06:32]}
{[%emt 00:00:07]} Qa6 {[%clk 00:30:39]} {[%emt 00:00:24]} 26. Qxa6 {[%clk
00:06:37]} {[%emt 00:00:09]} 1-0